000 00852nam a22002897a 4500
001 4435
003 DO-SdBNP
005 20180209145005.0
007 4435
008 001113s 2001 sp | ||| ||spa
020 _a8420441740
040 _aBPMSU
_bspa
_cBPMSU
082 _a863.6
_bG633s
100 2 _aGómez Gil, Ricardo
_d1954-
245 1 3 _aLa selva de los números /
_cRicardo Gómez ; ilustraciones, Tesa González
250 _a3a. reimpresión
260 _aMadrid :
_bAlfaguara,
_c2001
300 _a116 p.:
_bil.;
_c20 cm.
490 0 _aAlfagurara infantil
650 _aCUENTOS INFANTILES ESPAÑOLES
650 _aLITERATURA INFANTIL ESPAÑOLA
700 _4González, Tesa
_ail.
830 _pAlfagurara infantil
942 _2ddc
_cBK
945 _aInventariado, 2018 / BT
956 _aVMATEO
_210
_320151105
_6BPMSU
_800151
999 _c8587
_d8587